000 00361nam a22001457a 4500
003 OSt
020 _a9780241703878
082 _a334
_bSTR
100 _aSTIGLITZ, Josephe
245 _aThe Road to Freedom: Economics & the Good Society
260 _aGreat Britain:
_bAllen Lane,
_c2024.
300 _axxii,356p.
650 _aGeneral Books
942 _2ddc
_cREF
999 _c12771
_d12771